[Event "Vienna op 16th"]
[Site "Vienna"]
[Date "2009.08.15"]
[Round "1"]
[White "Ebeling, Jens"]
[Black "Ozeren, Kemal"]
[Result "1/2-1/2"]
[WhiteElo "2042"]
[BlackElo "2306"]
[PlyCount "66"]
[EventDate "2009.08.15"]
[EventType "swiss"]
[EventRounds "9"]
[EventCountry "AUT"]
[SourceTitle "CBM 131 Extra"]
[Source "ChessBase"]
[SourceDate "2009.09.03"]
[SourceVersion "2"]
[SourceVersionDate "2009.09.16"]
[SourceQuality "1"]

1. e4 c6 2. d4 d5 3. e5 Bf5 4. Nf3 e6 5. a3 c5 6. c4 Nc6 7. cxd5 Qxd5 8. Nc3 Qd7 9. Bb5 Nge7 10. dxc5 Qxd1+ 11. Nxd1 a6 12. Bxc6+ Nxc6 13. b4 a5 14. b5 Na7 15. a4 Bxc5 16. Be3 Bb4+ 17. Ke2 Nc8 18. Nd4 Ne7 19. Nxf5 Nxf5 20. Rc1 Kd7 21. Nb2 Ne7 22. Rhd1+ Nd5 23. Nc4 Ke7 24. Nb6 Rad8 25. Nxd5+ exd5 26. Rc7+ Rd7 27. Bg5+ Ke6 28. Rxd7 Kxd7 29. Rxd5+ Ke6 30. Rd8 Rxd8 31. Bxd8 Kxe5 32. Kd3 Kd5 33. Bc7 f5 1/2-1/2

[Event "BCF-chT2 0708 (4NCL)"]
[Site "Sunningdale"]
[Date "2008.03.02"]
[Round "8.2"]
[White "Ozeren, Kemal"]
[Black "Kwiatkowski, Feliks Jerzy"]
[Result "1-0"]
[WhiteElo "2261"]
[BlackElo "2233"]
[PlyCount "83"]
[EventDate "2007.09.15"]
[EventType "team-tourn"]
[EventRounds "11"]
[EventCountry "ENG"]
[SourceTitle "EXT 2023"]
[Source "ChessBase"]
[SourceDate "2022.10.05"]
[SourceVersion "1"]
[SourceVersionDate "2022.10.05"]
[SourceQuality "1"]
[WhiteTeam "Oxford"]
[BlackTeam "Kings Head"]
[WhiteTeamCountry "ENG"]
[BlackTeamCountry "ENG"]

1. d4 Nf6 2. Nf3 e6 3. e3 b6 4. Bd3 Bb7 5. 0-0 c5 6. c4 Be7 7. Nc3 cxd4 8. exd4 d5 9. cxd5 Nxd5 10. Ne5 0-0 11. Qh5 Nf6 12. Qh4 Ne4 13. Qh3 Qxd4 14. Nxf7 Rxf7 15. Bxe4 Bxe4 16. Qg4 Nc6 17. Qxe4 Qxe4 18. Nxe4 Rd8 19. Be3 Bf6 20. Rac1 Nb4 21. Rc4 Nd5 22. b3 Nxe3 23. fxe3 Be5 24. Rxf7 Kxf7 25. Rc1 Ke7 26. Kf2 Rd7 27. h3 Rc7 28. Rxc7+ Bxc7 29. Ke2 a6 30. Kd3 Be5 31. Kc4 Bb2 32. Kd3 Kd7 33. a4 h6 34. Nf2 Kc6 35. Ke4 b5 36. Nd3 bxa4 37. Nxb2 a3 38. Nd3 a5 39. Nc1 Kb5 40. Kd3 a4 41. bxa4+ Kxa4 42. Kc4 1-0

[Event "BCF-chT2 0607 (4NCL)"]
[Site "Sunningdale"]
[Date "2007.05.06"]
[Round "10.2"]
[White "Cech, Pavel"]
[Black "Ozeren, Kemal"]
[Result "1-0"]
[WhiteElo "2403"]
[BlackElo "2310"]
[PlyCount "57"]
[EventDate "2006.09.16"]
[EventType "team-tourn"]
[EventRounds "11"]
[EventCountry "ENG"]
[SourceTitle "EXT 2008"]
[Source "ChessBase"]
[SourceDate "2007.11.25"]
[SourceVersion "1"]
[SourceVersionDate "2007.11.25"]
[SourceQuality "1"]
[WhiteTeam "Richmond"]
[BlackTeam "Oxford"]
[WhiteTeamCountry "ENG"]
[BlackTeamCountry "ENG"]

1. d4 d5 2. c4 c6 3. Nc3 Nf6 4. Nf3 a6 5. c5 Nbd7 6. Bf4 Nh5 7. Bg5 h6 8. Bd2 g6 9. e4 dxe4 10. Nxe4 Ndf6 11. Nxf6+ Nxf6 12. Bc4 Bg7 13. 0-0 0-0 14. Qb3 Nd5 15. Rfe1 e6 16. Rad1 Qc7 17. Ne5 Ne7 18. Bf4 g5 19. Bc1 Rb8 20. h4 b6 21. hxg5 bxc5 22. Qh3 hxg5 23. Bxg5 Nf5 24. Ng4 f6 25. Rxe6 Bxe6 26. Bxe6+ Rf7 27. Nxf6+ Bxf6 28. Bxf6 Ng7 29. Qh6 1-0

[Event "BCF-chT2 0607 (4NCL)"]
[Site "Sunningdale"]
[Date "2007.03.03"]
[Round "7.2"]
[White "Ozeren, Kemal"]
[Black "Moore, Gerald C"]
[Result "1/2-1/2"]
[WhiteElo "2298"]
[BlackElo "2237"]
[PlyCount "98"]
[EventDate "2006.09.16"]
[EventType "team-tourn"]
[EventRounds "11"]
[EventCountry "ENG"]
[SourceTitle "EXT 2008"]
[Source "ChessBase"]
[SourceDate "2007.11.25"]
[SourceVersion "1"]
[SourceVersionDate "2007.11.25"]
[SourceQuality "1"]
[WhiteTeam "Oxford"]
[BlackTeam "Poisoned Pawns"]
[WhiteTeamCountry "ENG"]
[BlackTeamCountry "ENG"]

1. d4 Nf6 2. Nf3 g6 3. c4 Bg7 4. Nc3 d5 5. Bg5 dxc4 6. e3 Be6 7. Nd2 c5 8. Bxf6 Bxf6 9. Nde4 cxd4 10. Nxf6+ exf6 11. Qxd4 Nc6 12. Qe4 f5 13. Qf4 0-0 14. Be2 Qb8 15. 0-0-0 b5 16. Bf3 Qb6 17. Rd6 Rac8 18. Bxc6 Rxc6 19. Rhd1 b4 20. Nd5 Bxd5 21. R1xd5 b3 22. Rxc6 Qxc6 23. Qd6 Qa4 24. a3 c3 25. bxc3 Qe4 26. Rd3 Qxg2 27. Kb2 Qxf2+ 28. Kxb3 Qg1 29. c4 Qb1+ 30. Kc3 Rb8 31. Kd4 Qb2+ 32. Rc3 Re8 33. c5 Re4+ 34. Kd3 Qf2 35. Qg3 Qf1+ 36. Kc2 Qe2+ 37. Kb3 a5 38. Qb8+ Kg7 39. Rc2 Qxe3+ 40. Ka2 a4 41. c6 Qd3 42. Qb2+ f6 43. c7 Qd5+ 44. Ka1 Re1+ 45. Rc1 Rxc1+ 46. Qxc1 Qe5+ 47. Kb1 Qb5+ 48. Ka1 Qe5+ 49. Kb1 Qb5+ 1/2-1/2

[Event "BCF-chT2 0506 (4NCL)"]
[Site "Birmingham"]
[Date "2005.11.19"]
[Round "3.3"]
[White "Ozeren, Kemal"]
[Black "Vitoux, Colomban"]
[Result "0-1"]
[WhiteElo "2286"]
[BlackElo "2264"]
[PlyCount "126"]
[EventDate "2005.10.22"]
[EventType "team-tourn"]
[EventRounds "11"]
[EventCountry "ENG"]
[SourceTitle "EXT 2007"]
[Source "ChessBase"]
[SourceDate "2006.11.23"]
[SourceVersion "1"]
[SourceVersionDate "2006.11.23"]
[SourceQuality "1"]
[WhiteTeam "Oxford"]
[BlackTeam "Bristol"]
[WhiteTeamCountry "ENG"]
[BlackTeamCountry "ENG"]

1. d4 Nf6 2. Nf3 g6 3. c4 Bg7 4. Nc3 d5 5. Bg5 Ne4 6. cxd5 Nxg5 7. Nxg5 c6 8. e3 e6 9. Nf3 exd5 10. b4 0-0 11. Be2 Nd7 12. 0-0 Nf6 13. Rc1 a6 14. a4 Be6 15. Ne5 Ne4 16. Nd3 Nd6 17. Nc5 b5 18. Qb3 Bf5 19. Ra1 Qg5 20. Kh1 Nc4 21. Ra2 Rfe8 22. axb5 axb5 23. Bxc4 dxc4 24. Qb2 Rxa2 25. Qxa2 Bg4 26. Qa6 Rc8 27. f3 Qf5 28. e4 Qf4 29. Ne2 Qe3 30. fxg4 Rf8 31. Ng3 Bxd4 32. Qxc6 Be5 33. Rf3 Qe1+ 34. Nf1 Bd4 35. Nd7 Bf2 36. Rxf2 Qxf2 37. Qf6 Qxf6 38. Nxf6+ Kg7 39. Nd5 f5 40. gxf5 gxf5 41. Nc7 Rc8 42. Nxb5 c3 43. Nxc3 Rxc3 44. exf5 Kf6 45. Kg1 Kxf5 46. Kf2 Rb3 47. Nd2 Rxb4 48. Kg3 Rb8 49. h3 Rg8+ 50. Kf3 Rd8 51. Ke3 Rc8 52. g3 Rc3+ 53. Kf2 h6 54. Nf1 Rc1 55. Ke2 Ra1 56. Kf2 Ke4 57. Nd2+ Kd3 58. Nf1 Ra8 59. g4 Ke4 60. Kg3 Ra3+ 61. Kh4 Kf4 62. Nd2 Rc3 63. Nb1 Rd3 0-1

[Event "BCF-chT3 0405 (4NCL)"]
[Site "Telford"]
[Date "2005.05.28"]
[Round "9.3"]
[White "Roberts, Paul"]
[Black "Ozeren, Kemal"]
[Result "1/2-1/2"]
[WhiteElo "2184"]
[BlackElo "2292"]
[PlyCount "94"]
[EventDate "2004.11.06"]
[EventType "team-tourn"]
[EventRounds "11"]
[EventCountry "ENG"]
[SourceTitle "EXT 2006"]
[Source "ChessBase"]
[SourceDate "2005.11.24"]
[SourceVersion "1"]
[SourceVersionDate "2005.11.24"]
[SourceQuality "1"]
[WhiteTeam "Athenaeum"]
[BlackTeam "Oxford"]
[WhiteTeamCountry "ENG"]
[BlackTeamCountry "ENG"]

1. Nf3 Nf6 2. d4 d5 3. e3 Bg4 4. c4 c6 5. Qb3 Qb6 6. Nc3 e6 7. c5 Qc7 8. Ne5 Bf5 9. Be2 h5 10. Bd2 Nbd7 11. f4 Be7 12. 0-0 Ne4 13. Nxe4 Bxe4 14. Qd1 g6 15. Be1 f6 16. Nd3 Kf7 17. Bh4 b6 18. cxb6 axb6 19. a3 c5 20. Rc1 Bd6 21. Nf2 Bf5 22. Bd3 Bxd3 23. Nxd3 f5 24. Nf2 Nf6 25. Bxf6 Kxf6 26. Nd3 c4 27. Qe1 Qe7 28. Ne5 Bxe5 29. fxe5+ Kg7 30. h4 b5 31. Rc2 Rhb8 32. Rf3 b4 33. axb4 Qxb4 34. Qg3 Ra1+ 35. Kh2 Qe7 36. e4 dxe4 37. Rfc3 Ra4 38. Rxc4 Rxc4 39. Rxc4 Rxb2 40. d5 f4 41. Qxf4 exd5 42. Rc6 Rb7 43. Rf6 Qe8 44. Rd6 Rf7 45. Qg3 Rd7 46. e6 Rxd6 47. Qxd6 Kf6 1/2-1/2

[Event "BCF-chT3 0405 (4NCL)"]
[Site "Telford"]
[Date "2005.01.16"]
[Round "4.2"]
[White "Hodge, David Jonathan"]
[Black "Ozeren, Kemal"]
[Result "1/2-1/2"]
[WhiteElo "2165"]
[BlackElo "2292"]
[PlyCount "57"]
[EventDate "2004.11.06"]
[EventType "team-tourn"]
[EventRounds "11"]
[EventCountry "ENG"]
[SourceTitle "EXT 2006"]
[Source "ChessBase"]
[SourceDate "2005.11.24"]
[SourceVersion "1"]
[SourceVersionDate "2005.11.24"]
[SourceQuality "1"]
[WhiteTeam "Cambridge"]
[BlackTeam "Oxford"]
[WhiteTeamCountry "ENG"]
[BlackTeamCountry "ENG"]

1. e4 c6 2. d3 d5 3. Nd2 g6 4. g3 Bg7 5. Bg2 Nf6 6. Ngf3 Bg4 7. h3 Bxf3 8. Bxf3 0-0 9. 0-0 Nbd7 10. exd5 cxd5 11. d4 Nb6 12. Bg2 e6 13. c3 Ne8 14. Nf3 Nc4 15. Qe2 Ned6 16. Ne5 Nxe5 17. dxe5 Nc4 18. f4 b5 19. b3 Qb6+ 20. Kh2 Na5 21. Be3 Qc6 22. Bd2 Nb7 23. Rfc1 Rfc8 24. c4 bxc4 25. bxc4 Qa6 26. Qf3 Rd8 27. cxd5 Rxd5 28. Qf2 Rd7 29. Be3 1/2-1/2

[Event "Brno Duras BVK op-A"]
[Site "Brno"]
[Date "2004.07.08"]
[Round "6"]
[White "Ozeren, Kemal"]
[Black "Mihailovs, Jurijs"]
[Result "1/2-1/2"]
[WhiteElo "2228"]
[BlackElo "2171"]
[PlyCount "39"]
[EventDate "2004.07.??"]
[EventType "swiss"]
[EventRounds "9"]
[EventCountry "CZE"]
[SourceTitle "EXT 2005"]
[Source "ChessBase"]
[SourceDate "2004.11.15"]
[SourceVersion "1"]
[SourceVersionDate "2004.11.15"]
[SourceQuality "1"]

1. Nf3 Nf6 2. d4 g6 3. Nc3 d5 4. Bf4 Bg7 5. e3 0-0 6. Be2 Bg4 7. Ne5 Bxe2 8. Qxe2 c6 9. h4 Nbd7 10. 0-0-0 Qa5 11. h5 Nxe5 12. dxe5 Ne4 13. hxg6 Nxc3 14. Qh5 fxg6 15. Qxh7+ Kf7 16. e6+ Kxe6 17. Qxg6+ Bf6 18. Qg4+ Kf7 19. Qh5+ Ke6 20. Qg4+ 1/2-1/2

[Event "Brno Duras BVK op-A"]
[Site "Brno"]
[Date "2004.07.07"]
[Round "5"]
[White "Stehlik, Jiri"]
[Black "Ozeren, Kemal"]
[Result "0-1"]
[WhiteElo "2151"]
[BlackElo "2228"]
[PlyCount "112"]
[EventDate "2004.07.??"]
[EventType "swiss"]
[EventRounds "9"]
[EventCountry "CZE"]
[SourceTitle "EXT 2005"]
[Source "ChessBase"]
[SourceDate "2004.11.15"]
[SourceVersion "1"]
[SourceVersionDate "2004.11.15"]
[SourceQuality "1"]

1. Nf3 d5 2. d4 Nf6 3. c4 c6 4. cxd5 cxd5 5. Nc3 Nc6 6. Bf4 e6 7. e3 Be7 8. Bd3 0-0 9. h3 a6 10. Rc1 Na5 11. Ne5 b5 12. 0-0 Bb7 13. a3 Nc4 14. Qe2 Qb6 15. Rfd1 Rfd8 16. Ra1 Rac8 17. Rdc1 Bd6 18. Bg3 Rc7 19. f4 Rdc8 20. Be1 Na5 21. Qd1 Nc4 22. Qe2 Be7 23. Kh2 Qd6 24. Na2 Qb6 25. Nc3 Nd6 26. Qd1 Nd7 27. Bf2 f6 28. Nxd7 Rxd7 29. b3 Rdc7 30. Ne2 a5 31. Rxc7 Rxc7 32. Qb1 Ne4 33. Bxe4 dxe4 34. Qb2 b4 35. axb4 axb4 36. Qa2 Bd5 37. Be1 Qb5 38. Nc1 Rc8 39. Kg1 Bd6 40. Qb2 Qb8 41. Na2 Qb5 42. Nc1 g5 43. g3 gxf4 44. gxf4 Kh8 45. Bh4 Rg8+ 46. Kh2 Rg6 47. Qf2 Qb8 48. Rb1 Qc7 49. Bg3 Kg7 50. Qd2 Kf7 51. Na2 Rg8 52. Rc1 Qa5 53. Rb1 Rc8 54. Be1 Qa3 55. Nxb4 Bxb4 56. Qxb4 Qa2+ 0-1

[Event "Brno Duras BVK op-A"]
[Site "Brno"]
[Date "2004.07.05"]
[Round "3"]
[White "Hodovsky, Jiri"]
[Black "Ozeren, Kemal"]
[Result "1/2-1/2"]
[WhiteElo "2132"]
[BlackElo "2228"]
[PlyCount "109"]
[EventDate "2004.07.??"]
[EventType "swiss"]
[EventRounds "9"]
[EventCountry "CZE"]
[SourceTitle "EXT 2005"]
[Source "ChessBase"]
[SourceDate "2004.11.15"]
[SourceVersion "1"]
[SourceVersionDate "2004.11.15"]
[SourceQuality "1"]

1. e4 c6 2. d4 d5 3. exd5 cxd5 4. c4 Nf6 5. Nf3 Nc6 6. Nc3 Bg4 7. cxd5 Nxd5 8. Bb5 Nxc3 9. bxc3 e6 10. Qa4 Bxf3 11. gxf3 Qc7 12. c4 Rd8 13. d5 exd5 14. 0-0 Be7 15. Re1 0-0 16. cxd5 Rxd5 17. Bxc6 bxc6 18. Bf4 Qd7 19. Rac1 c5 20. Qxd7 Rxd7 21. Rxe7 Rxe7 22. Bd6 Re2 23. Bxf8 Kxf8 24. Rxc5 Rxa2 25. Rc7 g6 26. Kg2 Kg7 27. Kg3 Ra5 28. f4 h6 29. Kf3 Kf6 30. Kg3 Ra3+ 31. f3 Ra5 32. Kg4 Ra2 33. Kg3 a5 34. Ra7 h5 35. Ra8 Ra1 36. Ra7 Ra2 37. Ra8 Ke6 38. Ra6+ Kf5 39. Ra7 f6 40. h4 Ra1 41. Ra6 Ra2 42. Rc6 Ra1 43. Ra6 Rg1+ 44. Kf2 Rd1 45. Rxa5+ Kxf4 46. Ra4+ Ke5 47. Ke3 Rd5 48. Rb4 f5 49. f4+ Ke6 50. Rb6+ Kf7 51. Rb7+ Kf6 52. Rb6+ Kg7 53. Rb7+ Kh6 54. Kf3 Rd3+ 55. Kg2 1/2-1/2

[Event "BCF-chT4 0304 (4NCL)"]
[Site "West Bromwich "]
[Date "2004.05.29"]
[Round "7.2"]
[White "Moskovic, David M"]
[Black "Ozeren, Kemal"]
[Result "1-0"]
[WhiteElo "2274"]
[BlackElo "2226"]
[PlyCount "93"]
[EventDate "2003.10.??"]
[EventType "team-tourn"]
[EventRounds "11"]
[EventCountry "ENG"]
[SourceTitle "EXT 2005"]
[Source "ChessBase"]
[SourceDate "2004.11.15"]
[SourceVersion "1"]
[SourceVersionDate "2004.11.15"]
[SourceQuality "1"]
[WhiteTeam "Cambridge"]
[BlackTeam "Oxford"]
[WhiteTeamCountry "ENG"]
[BlackTeamCountry "ENG"]

1. e4 c6 2. d4 d5 3. e5 c5 4. dxc5 Nc6 5. Bb5 e6 6. Be3 Nge7 7. c3 Nf5 8. Bd4 Bd7 9. Bxc6 Bxc6 10. Nf3 Nxd4 11. Qxd4 Qa5 12. b4 Qa6 13. a4 b6 14. cxb6 axb6 15. a5 Be7 16. Nbd2 0-0 17. Nb3 Rfc8 18. axb6 Qxa1+ 19. Nxa1 Rxa1+ 20. Kd2 Rxh1 21. b7 Bxb7 22. Qa7 d4 23. Qxb7 dxc3+ 24. Kc2 Re8 25. Qd7 Kf8 26. b5 Rf1 27. b6 Rxf2+ 28. Kxc3 Rf1 29. b7 Rb1 30. Nd2 Rb4 31. Nc4 Rd8 32. Qc8 Rb5 33. Nd6 Rxb7 34. Qxb7 Bxd6 35. exd6 Rxd6 36. Qc8+ Ke7 37. Qg8 g6 38. Qxh7 Rd5 39. Qh4+ Kf8 40. Qh8+ Ke7 41. h3 g5 42. Qg7 Ke8 43. Kc4 Ke7 44. g3 Rf5 45. Kd4 Kd6 46. Ke4 Rb5 47. Qf8+ 1-0

[Event "Oxford University op 4th"]
[Site "Oxford"]
[Date "2004.04.24"]
[Round "2"]
[White "Chola, Stanley"]
[Black "Ozeren, Kemal"]
[Result "0-1"]
[WhiteElo "2235"]
[BlackElo "2226"]
[PlyCount "76"]
[EventDate "2004.04.24"]
[EventType "swiss"]
[EventRounds "5"]
[EventCountry "ENG"]
[SourceTitle "EXT 2008"]
[Source "ChessBase"]
[SourceDate "2007.11.25"]
[SourceVersion "1"]
[SourceVersionDate "2007.11.25"]
[SourceQuality "1"]

1. e4 c6 2. d4 d5 3. e5 c5 4. c3 Nc6 5. f4 cxd4 6. cxd4 Qb6 7. Nc3 Qxd4 8. Nxd5 Qxd1+ 9. Kxd1 Bg4+ 10. Ke1 0-0-0 11. Ne3 Bd7 12. Nf3 Nh6 13. Bd2 e6 14. Rc1 Kb8 15. a3 Be7 16. b4 Nf5 17. Nxf5 exf5 18. b5 Bxa3 19. bxc6 Bxc1 20. cxd7 Bxd2+ 21. Nxd2 Rxd7 22. Bb5 Rd4 23. Rf1 Rhd8 24. Rf2 Rb4 25. Bf1 b5 26. Rf3 a5 27. Nb3 a4 28. Nc5 Rb1+ 29. Kf2 Rc8 30. Rc3 Rb2+ 31. Ke3 Rb3 32. Nd7+ Kb7 33. Rd3 Rxd3+ 34. Bxd3 b4 35. Kd4 Rd8 36. Bxf5 a3 37. Bb1 Rxd7+ 38. Kc4 Rd1 0-1

[Event "Oxford University op 4th"]
[Site "Oxford"]
[Date "2004.04.24"]
[Round "1"]
[White "Ozeren, Kemal"]
[Black "Fowler, Simon"]
[Result "1-0"]
[WhiteElo "2226"]
[BlackElo "2119"]
[PlyCount "65"]
[EventDate "2004.04.24"]
[EventType "swiss"]
[EventRounds "5"]
[EventCountry "ENG"]
[SourceTitle "EXT 2008"]
[Source "ChessBase"]
[SourceDate "2007.11.25"]
[SourceVersion "1"]
[SourceVersionDate "2007.11.25"]
[SourceQuality "1"]

1. d4 d5 2. Nf3 c6 3. e3 e6 4. c4 f5 5. Bd3 Nf6 6. Qc2 Ne4 7. Nc3 Bd6 8. Bd2 Nd7 9. Ne2 0-0 10. Bc3 Qe7 11. 0-0 g5 12. Bxe4 fxe4 13. Ne5 Nxe5 14. dxe5 Bc7 15. Ng3 Qg7 16. Nh5 Qh6 17. Qe2 Bd7 18. f4 exf3 19. Rxf3 Rxf3 20. Qxf3 Rf8 21. Nf6+ Kh8 22. Rf1 Bb6 23. g4 Be8 24. cxd5 cxd5 25. Bb4 Rf7 26. Bc3 Bb5 27. Rc1 Bd3 28. Bd4 Bc7 29. Qg2 Qg6 30. Qd2 Bb1 31. Qb4 Bb6 32. Rc8+ Kg7 33. Rg8+ 1-0